000 00367nam a2200121Ia 4500
005 20260326100031.0
008 260326s9999||||xx |||||||||||||| ||und||
100 _aAlva Martínez, Ernesto
245 0 _aCiudad de México :
_b Guía de Arquitectura /
_cErnesto Alva Martínez
260 _bColegio de Arquitectos Mexicanos
650 _aARQUITECTURA REGIONAL
942 _cBK
999 _c6593
_d6593